Detalles MARC
| 000 -LEADER |
| fixed length control field |
01667nam a2200457 a 4500 |
| 005 - FECHA ULTIMA MODIFICACION |
| control field |
20240412134307.0 |
| 008 - CAMPO DE CONTROL (LIBRO) |
| fixed length control field |
100909t1990||||ag a f |||| 001 0 spa d |
| 020 ## - INTERNATIONAL STANDARD BOOK NUMBER |
| ISBN |
950020293X |
| 041 ## - CODIGO DE IDIOMA |
| Código de idioma del texto/pista de sonido o título separado |
spa |
| 092 ## - SIGNATURA TOPOGRAFICA DEWEY LOCAL |
| número de clasificación |
611.8 |
| libristica |
10 |
| sección |
CAR |
| 100 1# - ENTRADA PRINCIPAL--NOMBRE PERSONAL |
| Nombre personal |
Carpenter, Malcolm B. |
| 9 (RLIN) |
1439 |
| 245 ## - TITULO PROPIAMENTE DICHO |
| Título |
Neuroanatomía Humana / |
| Mención de responsabilidad y remanente de la transcripción de la portada |
Malcolm B. Carpenter. |
| 250 ## - MENCION DE EDICION |
| Mención de edición |
6a ed. revisada y aumentada / |
| Mención de responsabilidad relacionada con la ed. |
Traducción Irma Lorenzo ; Supervision de la traduccion inglesa Tomas Andres Mascitti |
| 260 ## - PIE DE IMPRENTA |
| Lugar de publicación, distribución, etc |
Buenos Aires: |
| Nombre de la editorial, distribuidor, etc |
El Ateneo; |
| Fecha de publicación |
1990. |
| 300 ## - DESCRIPCION FISICA |
| Extension |
802 p. |
| Otros detalles físicos |
il. |
| 500 ## - NOTA GENERAL |
| Nota general |
Carpenter, M. B y Sutin, J. (Col.). (1990). Neuroanatomía Humana. (6a ed.). Buenos Aires : El Ateneo. |
| 590 ## - NOTAS LOCALES (RLIN) |
| Nota local |
Donacion Antonella Della Gaspera, Marzo 2017 |
| 653 ## - TÉRMINO INDIZADO - PALABRAS CLAVES |
| Palabra clave |
Meninges y líquido cefalorraquideo |
| 653 ## - TÉRMINO INDIZADO - PALABRAS CLAVES |
| Palabra clave |
Anatomía macroscópica del encéfalo |
| 653 ## - TÉRMINO INDIZADO - PALABRAS CLAVES |
| Palabra clave |
Desarrollo e histogenesis del Sistema Nervioso |
| 653 ## - TÉRMINO INDIZADO - PALABRAS CLAVES |
| Palabra clave |
Neurona |
| 653 ## - TÉRMINO INDIZADO - PALABRAS CLAVES |
| Palabra clave |
Neuroglia |
| 653 ## - TÉRMINO INDIZADO - PALABRAS CLAVES |
| Palabra clave |
Receptores y efectores |
| 653 ## - TÉRMINO INDIZADO - PALABRAS CLAVES |
| Palabra clave |
Inervacion segmentaria y periferica |
| 653 ## - TÉRMINO INDIZADO - PALABRAS CLAVES |
| Palabra clave |
Sistema Nervioso Autonomo |
| 653 ## - TÉRMINO INDIZADO - PALABRAS CLAVES |
| Palabra clave |
Médula espinal: anatomía macroscópica y estructura interna |
| 653 ## - TÉRMINO INDIZADO - PALABRAS CLAVES |
| Palabra clave |
Haces de la médula espinal |
| 653 ## - TÉRMINO INDIZADO - PALABRAS CLAVES |
| Palabra clave |
Medula |
| 653 ## - TÉRMINO INDIZADO - PALABRAS CLAVES |
| Palabra clave |
Protuberancia |
| 653 ## - TÉRMINO INDIZADO - PALABRAS CLAVES |
| Palabra clave |
Mesencéfalo |
| 653 ## - TÉRMINO INDIZADO - PALABRAS CLAVES |
| Palabra clave |
Cerebelo |
| 653 ## - TÉRMINO INDIZADO - PALABRAS CLAVES |
| Palabra clave |
Diencéfalo |
| 653 ## - TÉRMINO INDIZADO - PALABRAS CLAVES |
| Palabra clave |
Hipotálamo |
| 653 ## - TÉRMINO INDIZADO - PALABRAS CLAVES |
| Palabra clave |
Cuerpo estriado |
| 653 ## - TÉRMINO INDIZADO - PALABRAS CLAVES |
| Palabra clave |
Vías olfatorias, formación del hipocampo y amígdala |
| 653 ## - TÉRMINO INDIZADO - PALABRAS CLAVES |
| Palabra clave |
Corteza cerebral |
| 653 ## - TÉRMINO INDIZADO - PALABRAS CLAVES |
| Palabra clave |
Vasculizacion del Sistema Nervioso Central |
| 653 ## - TÉRMINO INDIZADO - PALABRAS CLAVES |
| Palabra clave |
Atlas del encefalo y del tronco del encefalo |
| 700 1# - ENTRADAS SECUNDARIAS - NOMBRE PERSONAL |
| Nombre personal |
Sutin, Jerome |
| 9 (RLIN) |
3218 |
| 942 ## - ADDED ENTRY ELEMENTS (KOHA) |
| Source of classification or shelving scheme |
Dewey Decimal Classification |
| Item type |
Libros |